Bytový dom

Saved in:
Bibliographic Details
Main Author: Šebestová, Zuzana (Author)
Other Authors: Michalisková, Simona (Thesis advisor)
Format: Manuscript Book
Language:Slovak
Published: 2024
Subjects:
Online Access:http://is.stuba.sk/zp/portal_zp.pl?podrobnosti=164951
https://opac.crzp.sk/?fn=detailBiblioForm&sid=D4AFBEDDECE97BC6333E0C9A1374
Tags: Add Tag
No Tags, Be the first to tag this record!

MARC

LEADER 00000ntm a22000003a 4500
001 stuzp99242
003 SK-STU
005 20240916144120.7
007 ta
008 150427s2015----xo-----f-mn---000-0-slo-d
040 |a STU  |b slo 
041 0 |a slo 
100 1 |a Šebestová, Zuzana  |u 010180  |4 aut  |U SvF Stavebná fakulta  |T SvF Katedra konštrukcií pozemných stavieb  |X 112096  |U V180  |Y 18  |7 112096 
242 0 1 |a Residential building  |y eng 
245 1 0 |a Bytový dom 
260 |c 2024 
650 4 |a stavba  |2 slo 
650 4 |a konštrukcie  |2 slo 
650 4 |a bytový dom  |2 slo 
650 4 |a architektúra  |2 slo 
650 4 |a dispozícia  |2 slo 
650 4 |a realizačný projekt  |2 slo 
650 4 |a building  |2 eng 
650 4 |a implementation project  |2 eng 
650 4 |a architecture  |2 eng 
650 4 |a apartment building  |2 eng 
650 4 |a construction  |2 eng 
650 4 |a layout  |2 eng 
700 1 |a Michalisková, Simona  |u 010180  |k Z3  |4 ths  |U SvF Stavebná fakulta  |T SvF Katedra konštrukcií pozemných stavieb  |X 63311  |U V180  |Y 18  |7 63311 
856 4 |u http://is.stuba.sk/zp/portal_zp.pl?podrobnosti=164951 
856 4 |u https://opac.crzp.sk/?fn=detailBiblioForm&sid=D4AFBEDDECE97BC6333E0C9A1374